Gares de Paris - Statistiques

Statistiques générales
  • Ce quiz a été pris 166 fois
  • Le résultat moyen est 18 sur 34
Statistiques - réponses
Nombre de voyageurs Gares % Correct
138 004 205 Paris Gare de Lyon
94%
258 871 310 Paris Gare du Nord
94%
39 877 017 Paris Gare de l'Est
92%
64 471 254 Paris Montparnasse
89%
21 657 509 Paris Austerlitz
85%
103 453 620 Paris Saint Lazare
82%
34 704 501 Haussmann - Saint Lazare
76%
5 073 990 Paris Bercy Bourgogne - Pays d'Auvergne
76%
9 761 032 Invalides
72%
2 100 383 Châtelet les Halles
65%
6 985 616 Champ de Mars - Tour Eiffel
57%
28 600 703 Saint Michel - Notre Dame
57%
4 945 694 Charles de Gaulle - Etoile
55%
6 549 601 Auber
54%
3 492 188 Nation
53%
3 624 948 Luxembourg
51%
3 011 780 Denfert Rochereau
46%
35 160 793 Magenta
46%
4 165 915 Musée d'Orsay
46%
24 461 616 Bibliothèque François Mitterrand
45%
12 754 682 Rosa Parks
45%
5 144 113 Cité Universitaire
43%
3 152 513 Javel
43%
2 327 686 Port Royal
43%
7 123 181 Pont Cardinet
38%
3 630 448 Pont de l'Alma
38%
3 307 276 Porte de Clichy
34%
711 262 Avenue Henri Martin
33%
1 558 627 Avenue du Président Kennedy - Maison de Radio France
31%
2 341 066 Pont du Garigliano - Hopital Européen Georges Pompidou
31%
1 081 008 Avenue Foch
30%
2 751 577 Boulainvilliers
30%
3 958 143 Pereire - Levallois
27%
4 124 410 Neuilly Porte Maillot
26%
Aucun quiz correspondant
Distribution des résultats
% des personnes avec chaque résultat
Percentile par nombre de réponses
Votre historique - résultats
Vous n’avez pas pris ce quiz